000 00575nam a2200217Ia 4500
003 OSt
005 20220926042311.0
006 a|||||r|||| 00| 0
007 ta
008 220923b |||||||| |||| 00| 0 eng d
037 _cGeneral Book
040 _aRTL
_cRTL
_beng
041 _2eng
_aeng
082 _aZ2,312.N30, J6
100 _aRameshwar Dial
_9346077
245 0 _aCommentary on the Indian sale of goods act, 1930
260 _c1956
650 _aIndian Law
942 _hZ2,312.N30, J6
_cGB
_2CC
999 _c669405
_d669405